| 000 | 02378nam a2200337 i 4500 | ||
|---|---|---|---|
| 001 | 161320 | ||
| 003 | ES-MaACL | ||
| 005 | 20250815145449.0 | ||
| 008 | 931025m17951796sp f |||| |cspa d | ||
| 100 | 1 |
_aPalomino de Castro y Velasco, Antonio. _988697 |
|
| 245 | 1 | 3 |
_aEl Museo Pictorico, y Escala Optica / _cpor Don Antonio Palomino de Castro y Velasco. |
| 260 |
_aEn Madrid : _ben la Imprenta de Sancha se hallará en su Libreria en la Aduana vieja, _c1795-1797. |
||
| 300 |
_a3 t. en 2 v. ([2], XVI, 396 p., 4 h. de grab. pleg. ; [2], VIII, 755 p., [13] h. de grab. pleg. ; _cFol. (30 cm) |
||
| 505 | 8 | _aContiene: t. 1. Teórica de la pintura en que se describe su origen, esencia, especies y qualidades -- t. 2. Práctica de la pintura en que se trata del modo de pintar, á el olio, temple y fresco ... Y de la perspectiva comun la de techos, angulos, teatros, y monumentos de perspectiva ... (con frontispicio y portada propia) -- t. 3. El Parnaso Español Pintoresco Laureado, con las vidas de los pintores y estatuarios eminentes españoles ... y de aquellos extrangeros ilustres que han concurrido en estas provincias... (año de 1796) | |
| 530 | _aDisponible en formato digital. | ||
| 597 | _aSign. : [ ]1, a-b4, A-Z4, 2A-2Z4, 3A-3C4, 3D2 ; []1, a4, A-4Z4, 5A-5B4, 5C2. | ||
| 599 | _aFrontispicio calcográfico alegórico : "Palom. inv. Rovira sculp." | ||
| 599 | _aFrontispicio calcográfico: "Joan. Palom. Sculpsit Mat." , "1723" (t. 2) | ||
| 599 | _aLám.: grabados calcográficos, que en el t. 1 representan figuras geométricas y en el t. 2 son estudios del cuerpo humano y de edificios, firmadas: "Js. ã Palomº sculpsit" | ||
| 650 | 7 |
_aPintura _2embne _916002 |
|
| 650 | 7 |
_aPintores- _zEspaña- _xBiografías _9149394 |
|
| 650 | 7 |
_aEscultores- _zEspaña- _xBiografías _9149395 |
|
| 700 | 1 |
_aSancha, Gabriel de, _d1747-1820 _9163556 |
|
| 740 | 0 | 2 | _aTeórica de la pintura, en que se describe su origen, esencia, especies y qualidades. |
| 740 | 0 | 2 | _aPráctica de la pintura, en que se trata del modo de pintar á el olio, temple y fresco. |
| 740 | 3 | 2 | _aEl Parnaso Español Pintoresco Laureado. |
| 852 |
_aES-MaACL _jR-111-112 _z- Enc. pasta española con hierros _x Olim: C-2562-63 |
||
| 856 |
_uhttp://bdh-rd.bne.es/viewer.vm?id=0000040411&page=1 _zBiblioteca Digital Hispánica |
||
| 942 | _2udc | ||
| 999 |
_c161320 _d161320 |
||